000 00516nam a2200217Ia 4500
008 170918s9999 xx 000 0 und d
020 _a9780590371278
050 _bM123 1998
100 _aMaccarone, Grace
245 _aMonster math picnic /
245 _cby Grace Maccarone.
260 _aNew York :
260 _bScholastic,
260 _c1998
300 _aunpaged :
300 _bcolored illustration ;
300 _c22cm.
300 _eBeginning reader ;
440 _aLevel 1.
500 _a200
999 _c343100
_d343100